000
00309nam a22001337a 4500
020
_a
0-7513-6910-1
082
_a
030
_b
DOR/M
100
_a
DORLIMNG KINDERSLEY
245
_a
MAMMALS
_b
PICTUREPEDIA
260
_a
LONDON
_b
DK LIMITED
_c
1993
300
_a
49
650
_a
ENCYCLOPEDIA
_z
UNITED KINGDOM
942
_c
BK
999
_c
2291
_d
2291